Statistieken voor Guinee Trivia Quiz

Klik hier om de quiz te nemen!

Algemene statistieken

  • Deze quiz is 179 keer genomen
  • De gemiddelde score is 12 van 15

Antwoordstatistieken

HintAntwoord% Correct
Dominante religieIslam
97%
Aangrenzende landenGuinee-Bissau
96%
Officiële taalFrans
95%
Aangrenzende landenMali
95%
Aangrenzende landenLiberia
93%
Aangrenzende landenSenegal
93%
Aangrenzende landenSierra Leone
92%
Aangrenzende landenIvoorkust
90%
Ziekte waar Guinee in 2014 een grote uitbraak van heeft doorstaanEbola
89%
Grote rivier die begint in de hooglanden van Guinee en uitmondt in NigeriaNiger
82%
HoofdstadConakry
75%
63% van de Guineese vrouwen is _____ vóórdat ze 18 jaar oud zijn, een van de hoogste percentages ter wereldGetrouwd
75%
Guinee is de op een na grootste producent van bauxiet ter wereld, wat gebruikt wordt om dit metaal te producerenAluminium
63%
Nationaal dierAfrikaanse olifant
52%
Grootste ethnische groepFulbe
42%

Scoreverdeling

Percentiel versus Aantal Correcte Antwoorden

Procent van Mensen met Elke Score

Uw Scoregeschiedenis

U heeft deze quiz nog niet genomen